Data mining : (Record no. 2149)

MARC details
000 -LEADER
fixed length control field 00523cam a2200181 4500
001 - CONTROL NUMBER
control field 2689
005 - DATE AND TIME OF LATEST TRANSACTION
control field 20181127165518.0
008 - FIXED-LENGTH DATA ELEMENTS--GENERAL INFORMATION
fixed length control field 110405s2011 maua 000 0 eng
010 ## - LIBRARY OF CONGRESS CONTROL NUMBER
LC control number 2011010635
020 ## - INTERNATIONAL STANDARD BOOK NUMBER
International Standard Book Number 9789380931913
100 1# - MAIN ENTRY--PERSONAL NAME
Personal name Han, Jiawei.
245 10 - TITLE STATEMENT
Title Data mining :
Remainder of title concepts and techniques /
Statement of responsibility, etc. Jiawei Han, Micheline Kamber, Jian Pei.
250 ## - EDITION STATEMENT
Edition statement 3rd ed.
260 ## - PUBLICATION, DISTRIBUTION, ETC.
Place of publication, distribution, etc. Burlington, MA :
Name of publisher, distributor, etc. Elsevier,
Date of publication, distribution, etc. c2011.
300 ## - PHYSICAL DESCRIPTION
Extent xxxv, 703 p. :
Other physical details ill. ;
Dimensions 25 cm.
650 #0 - SUBJECT ADDED ENTRY--TOPICAL TERM
Topical term or geographic name entry element Data mining.
700 1# - ADDED ENTRY--PERSONAL NAME
Personal name Kamber, Micheline.
Holdings
Withdrawn status Lost status Source of classification or shelving scheme Damaged status Not for loan Collection code Home library Current library Shelving location Serial Enumeration / chronology Inventory number Total Checkouts Total Renewals Full call number Barcode Date last seen Date last checked out Copy number Price effective from Koha item type
    Dewey Decimal Classification     Main TEST RTC Library RTC Library Main opac 4854 3 2 005.7 HAN 30006100 19/02/2020 31/01/2020 2 27/11/2018 Main
    Dewey Decimal Classification     Main TEST RTC Library RTC Library Main opac 4855 2 1 005.7 HAN 30002328 10/03/2020 31/01/2020 1 27/11/2018 Main
    Dewey Decimal Classification     Main TEST RTC Library RTC Library Main opac 6483     005.7 HAN 30006305 27/11/2018   3 27/11/2018 Main
Royal Thimphu College || All Right Reserved